[Event "Euskadi tch 1D"]
[Site ""]
[Date "2012.02.04"]
[Round "4.4"]
[White "Reinaldo Castiñeira, Roi"]
[Black "Monje Peinado, Roberto"]
[Result "1-0"]
[WhiteElo "2470"]
[BlackElo "2065"]

1.Nf3 f5 2.g3 Nf6 3.Bg2 g6 4.O-O Bg7 5.c4 d6 6.Nc3 e5 7.d3 O-O 8.Rb1 Nc6 
9.Bg5 h6 10.Bxf6 Qxf6 11.Nd5 Qd8 12.b4 Ne7 13.Nd2 c6 14.Nxe7+ Qxe7 15.b5 
c5 16.Rb3 f4 17.Ne4 Be6 18.Nc3 fxg3 19.hxg3 h5 20.Nd5 Bxd5 21.Bxd5+ Kh7 
22.Kg2 Bh6 23.e3 h4 24.Qg4 hxg3 25.Be4 Rf6 26.Qxg3 Rh8 27.Rh1 Kg7 28.Rh4 
Rhf8 29.Rb2 b6 30.Qh3 Rh8 31.Rb1 Qe6 32.Qg3 Rhf8 33.Rbh1 Rh8 34.Bd5 Qe8 
35.Qh3 g5 36.Rh5 Qc8 37.Qg3 Rhf8 38.Be4 Rh8 39.Rxg5+ Kf8 40.Bd5 Ke7 41.
Rg7+ Kd8 42.Rxh6 Rhxh6 43.Rg8+ 1-0

[Event "Euskadi tch 1D"]
[Site ""]
[Date "2012.02.04"]
[Round "4.4"]
[White "Hernandorena De La Cruz, Egoi"]
[Black "Hernando Rodrigo, Jose Maria"]
[Result "0-1"]
[WhiteElo "2033"]
[BlackElo "2326"]

1.e4 d5 2.exd5 Qxd5 3.Nc3 Qa5 4.d4 Nf6 5.Nf3 Bg4 6.h3 Bh5 7.g4 Bg6 8.Ne5 
e6 9.Bg2 c6 10.h4 Be4 11.Bxe4 Nxe4 12.Qf3 Nd6 13.Bf4 f6 14.Nd3 Nd7 15.
O-O-O O-O-O 16.Rhe1 Re8 17.Nc5 Nc4 18.Nb3 Qa6 19.Kb1 Bb4 20.a3 Bd6 21.Ne4 
Bxf4 22.Qxf4 Qb5 23.Nec5 Nxc5 24.dxc5 a5 25.a4 Qb4 26.Re4 e5 27.Qf5+ Kb8 
28.Qf3 Rd8 29.Rd6 Rxd6 30.cxd6 Rd8 31.Qd3 b5 32.f4 Rxd6 33.Qe2 Qxa4 34.
fxe5 fxe5 35.Rxe5 Qb4 36.Re8+ Kc7 37.Re7+ Rd7 38.Rxd7+ Kxd7 39.Qd3+ Qd6 
40.Qf5+ Kc7 41.g5 Qe5 42.Qf7+ Kb6 43.Qf2+ c5 44.c3 Qe4+ 45.Ka1 Ne3 46.Qf7 
Qh1+ 47.Ka2 Qd5 48.Qxg7 a4 49.Qf6+ Kc7 50.Qe7+ Kc6 51.Qxe3 axb3+ 52.Ka3 
Kd7 53.h5 0-1

[Event "Euskadi tch 1D"]
[Site ""]
[Date "2012.02.04"]
[Round "4.4"]
[White "Martinez Martin, Iñigo"]
[Black "Jimenez Almeida, Luis David"]
[Result "1-0"]
[WhiteElo "2197"]
[BlackElo "2043"]

1.e4 e6 2.d4 d5 3.e5 c5 4.c3 Nc6 5.Nf3 Qb6 6.a3 c4 7.g3 Na5 8.Nbd2 Bd7 9.
Bh3 Be7 10.Nf1 Nb3 11.Rb1 h5 12.Qe2 O-O-O 13.Bf4 Kb8 14.Ne3 Ka8 15.O-O f5 
16.exf6 gxf6 17.Rfe1 Bd6 18.Ng2 Re8 19.Qc2 f5 20.Bxd6 Qxd6 21.Ne5 Rh7 22.
Nxd7 Qxd7 23.Re5 Nf6 24.Rbe1 Ne4 25.Nh4 Rf8 26.f3 Ng5 27.Bxf5 exf5 28.Qxf5
Qxf5 29.Rxf5 Nf7 30.Re7 a6 31.Ng6 Rg8 32.Ne5 Nd6 33.Rxh7 Nxf5 34.Rxh5 Ne3 
35.Nd7 Rd8 36.Re5 Rxd7 37.Rxe3 b5 38.h4 Nc1 39.f4 Nd3 40.Re2 Rg7 41.Kh2 a5
42.Kh3 Nc1 43.Re5 Rd7 44.h5 Nd3 45.Re2 b4 46.axb4 axb4 47.Kh4 bxc3 48.bxc3
Nc1 49.Re3 Nb3 50.h6 Nd2 51.g4 Ne4 52.g5 Rf7 53.Rf3 Nd2 54.Rf2 Ne4 55.Rf1 
Nd2 56.g6 1-0

[Event "Euskadi tch 1D"]
[Site ""]
[Date "2012.02.04"]
[Round "4.4"]
[White "Ortega Lopez, Mikel"]
[Black "Zamarbide Iñarrea, Borja"]
[Result "1-0"]
[WhiteElo "1816"]
[BlackElo "2192"]

1.e4 e6 2.d4 d5 3.Nd2 c5 4.Ngf3 Nc6 5.c3 Qb6 6.exd5 exd5 7.Bd3 Bg4 8.dxc5 
Bxc5 9.O-O Nf6 10.Nb3 O-O 11.Nxc5 Qxc5 12.Be3 Qd6 13.Be2 a6 14.Qc2 Ne5 15.
Nxe5 Qxe5 16.Rfe1 Rac8 17.Qd1 Bxe2 18.Qxe2 Rfe8 19.h3 Qf5 20.Rad1 Rc6 21.
Qd2 Rce6 22.Qd3 Qh5 23.Qd2 g5 24.f3 Qg6 25.Bd4 Nh5 26.Rxe6 Rxe6 27.Be3 h6 
28.Kf2 Rd6 29.Bc5 Rd7 30.Re1 Nf4 31.Re8+ Kh7 32.Bd4 f6 33.Rc8 Re7 34.Be3 
Qf5 35.Rd8 Rxe3 36.Qxe3 Qc2+ 37.Kf1 Qb1+ 38.Qe1 Qxe1+ 39.Kxe1 Nxg2+ 40.Kf2
Nf4 41.Rd7+ Kg6 42.Kg3 Nd3 43.Rxb7 h5 44.b4 h4+ 45.Kg2 Nf4+ 46.Kh2 Ne2 47.
Rc7 Kf5 48.a4 d4 49.cxd4 Nxd4 50.b5 axb5 51.axb5 Ke6 52.b6 Nxf3+ 53.Kg2 
Ne1+ 1-0

[Event "Euskadi tch 1D"]
[Site ""]
[Date "2012.02.11"]
[Round "5.5"]
[White "Trigo Urquijo, Sergio"]
[Black "Arias Garcia, Luis Javier"]
[Result "1/2-1/2"]
[WhiteElo "2225"]
[BlackElo "2168"]

1.d4 e6 2.c4 f5 3.Nf3 Nf6 4.g3 d5 5.Bg2 c6 6.O-O Bd6 7.b3 Qe7 8.Bb2 O-O 9.
Qc1 b6 10.Ba3 Bb7 11.Bxd6 Qxd6 12.Qa3 Qd8 13.cxd5 exd5 14.Nc3 Na6 15.e3 
Nc7 16.Rac1 a5 17.Rfd1 Rc8 18.Ne5 Ng4 19.Nd3 Ba6 20.Ne2 Bxd3 21.Rxd3 Qd7 
22.Rd2 1/2-1/2

[Event "Euskadi tch 1D"]
[Site ""]
[Date "2012.02.11"]
[Round "5.5"]
[White "Padilla Cabero, Pablo"]
[Black "Nava Pereda, Carlos"]
[Result "0-1"]
[WhiteElo "2167"]
[BlackElo "2259"]

1.e4 Nc6 2.Nc3 e6 3.a3 d5 4.b4 dxe4 5.Bb2 Nf6 6.Nge2 e5 7.h3 Bf5 8.Ng3 Bg6
9.Bb5 Qd7 10.Qe2 a6 11.Ba4 b5 12.Nxb5 axb5 13.Bxb5 Rb8 14.Qc4 Rxb5 15.Qxb5
Bd6 16.c4 O-O 17.Ne2 Rd8 18.O-O Be7 19.Nc3 Qe6 20.Na4 Nd4 21.Bxd4 exd4 22.
Nc5 Qc8 23.Qc6 Bf5 24.Rfe1 Re8 25.d3 exd3 26.Rad1 Bxc5 27.Rxe8+ Nxe8 28.
bxc5 Nf6 29.g4 Be4 30.Qb5 h5 31.f3 Bxf3 32.Rxd3 hxg4 33.Rxd4 gxh3 34.Qb3 
Qf5 35.Rd8+ Kh7 36.Qd3 Ne4 37.Rd5 Qf4 0-1

[Event "Euskadi tch 1D"]
[Site ""]
[Date "2012.02.11"]
[Round "5.5"]
[White "Albo Ruiz, Jose Martin"]
[Black "Rodriguez Gonzalez, Alex"]
[Result "1-0"]
[WhiteElo "1890"]
[BlackElo "2002"]

1.e4 c5 2.Nf3 a6 3.Nc3 b5 4.d3 Bb7 5.Be2 g6 6.O-O Bg7 7.Be3 d6 8.e5 dxe5 
9.Bxc5 Nd7 10.Ba3 Qb6 11.Qd2 Nh6 12.Nh4 Nf5 13.Nxf5 gxf5 14.Qe3 Qg6 15.Bf3
Bh6 16.Qe2 Qb6 17.b3 Rg8 18.Rfe1 Rc8 19.Nd5 Bxd5 20.Bxd5 Qd4 21.c4 bxc4 
22.dxc4 Qh4 23.Rad1 e4 24.Bxf7+ Kxf7 25.Rxd7 Rce8 26.c5 Rg6 27.Qc4+ Kf8 
28.g3 Bf4 29.Qc3 Qh3 30.Bb2 Bg5 31.c6 Bf6 32.Qd2 Rh6 33.f4 Bxb2 34.Qxb2 
Rxc6 35.Red1 e3 36.Qe2 Re6 37.R1d3 Rc6 38.Qxe3 Rc2 39.Rd2 Rc1+ 40.Rd1 Rc2 
41.R7d2 Rec8 42.Re1 R2c7 43.Red1 Rc2 44.Re1 R2c7 45.Rde2 Qh6 46.Qe5 Qb6+ 
47.Kf1 Qg6 48.Qh8+ Qg8 49.Qe5 Qg6 50.Qd4 Kf7 51.Qd5+ Kf8 52.Re5 Rc5 53.Qd7
R8c7 54.Qd8+ Kg7 55.Rxe7+ 1-0

[Event "Euskadi tch 1D"]
[Site ""]
[Date "2012.02.11"]
[Round "5.1"]
[White "Olazagoitia Rodriguez, Jose Lui"]
[Black "Aguirre Canflanca, Josu"]
[Result "1/2-1/2"]
[WhiteElo "2162"]
[BlackElo "2189"]

1.e4 e6 2.d4 d5 3.exd5 exd5 4.Nc3 Bf5 5.Nf3 Bb4 6.Bd3 Ne7 7.O-O Nbc6 8.a3 
Bxc3 9.bxc3 O-O 10.c4 Bxd3 11.Qxd3 Na5 12.cxd5 Qxd5 13.Bf4 c6 14.Bc7 Nc4 
15.Ne5 Nxe5 16.dxe5 Qxd3 17.cxd3 Rfc8 18.Bd6 Nf5 19.Bb4 c5 20.Bc3 Rd8 21.
Rfd1 Rd7 22.Kf1 Rad8 23.Ke2 Re8 24.f4 Red8 25.Rac1 b6 26.g3 h5 27.a4 h4 
28.g4 Nd4+ 29.Bxd4 Rxd4 30.Rc4 Kf8 31.Rd2 Ke7 32.Ke3 Ke6 33.Rxd4 Rxd4 34.
Ra2 g5 35.fxg5 Rxg4 36.a5 b5 37.Rf2 Rxg5 38.Rf6+ Kd5 39.Rd6+ Kxe5 40.Ra6 
Rg6 41.Rxa7 b4 42.Rxf7 Ra6 43.Rh7 Rxa5 44.Rxh4 Ra1 45.Rh8 Rh1 1/2-1/2

[Event "Euskadi tch 1D"]
[Site ""]
[Date "2012.02.11"]
[Round "5.1"]
[White "Manso Marquez, Felix"]
[Black "Arreseigor Sanchez, Cesareo"]
[Result "1-0"]
[WhiteElo "2061"]
[BlackElo "2054"]

1.d4 Nf6 2.c4 e5 3.dxe5 Ne4 4.Nf3 Nc6 5.Bf4 g5 6.Bg3 h5 7.h4 Bb4+ 8.Nfd2 
Nxg3 9.fxg3 Qe7 10.Qb3 Qxe5 11.Na3 d6 12.O-O-O g4 13.Nb5 Ba5 14.e3 Bd7 15.
Kb1 O-O-O 16.Ka1 Rhe8 17.Qa4 Qxe3 18.Nb3 Bb6 19.c5 dxc5 20.Bc4 Be6 21.Rde1
Qf2 22.Re2 Qxg3 23.Bxe6+ Rxe6 24.Rxe6 fxe6 25.Qe4 Qe5 26.Nc3 Qxe4 27.Nxe4 
Nd4 28.Nbxc5 Bxc5 29.Nxc5 b6 30.Ne4 Rd5 31.b3 Re5 32.Ng3 Kd7 33.Rd1 c5 34.
b4 Kc6 35.Kb2 Kd5 36.bxc5 bxc5 37.Rd3 c4 38.Ra3 Nb5 39.Ra5 Kd4 40.a4 c3+ 
41.Kb3 Re3 42.Nxh5 Na3 43.Kxa3 c2+ 44.Kb2 Kd3 45.Rc5 Re4 46.Rxc2 Rxa4 47.
Rc3+ Ke4 48.g3 Kf5 49.Rc5+ e5 50.Ng7+ Kf6 51.Rc7 a5 52.Ne8+ Ke6 53.Ra7 e4 
54.Kc3 Ra3+ 55.Kd4 Rxg3 56.Kxe4 Rh3 57.Ng7+ Kf6 58.Nf5 Ra3 59.Ra6+ Kf7 60.
Kf4 Ra4+ 61.Kg5 Ra1 62.Kxg4 a4 63.Kg5 a3 64.Ra7+ Ke6 65.Nd4+ Ke5 66.Nc2 
Rg1+ 67.Kh5 Rg3 68.Rxa3 Rxa3 69.Nxa3 Kf6 70.Kh6 Kf7 71.Kh7 Kf8 72.Nc4 Kf7 
73.Ne5+ Kf8 74.Ng6+ Kf7 75.h5 1-0

[Event "Euskadi tch 1D"]
[Site ""]
[Date "2012.02.11"]
[Round "5.1"]
[White "Gonzalez Oderiz, Jose Maria"]
[Black "Mendikute Fierro, Claudio"]
[Result "0-1"]
[WhiteElo "1918"]
[BlackElo "2031"]

1.d4 d5 2.c4 c6 3.Nf3 Nf6 4.Nc3 e6 5.e3 Nbd7 6.cxd5 exd5 7.Bd3 Bd6 8.O-O 
O-O 9.a3 Re8 10.Qc2 Nf8 11.b4 a6 12.Bb2 Bg4 13.Be2 Bh5 14.Rac1 N8d7 15.Na4
Qc7 16.h3 Bg6 17.Qb3 b5 18.Nc3 Nb6 19.Nh4 Nc4 20.Bxc4 bxc4 21.Qd1 Bd3 22.
Re1 Reb8 23.Nf3 a5 24.b5 cxb5 25.Ne5 b4 26.Nxd5 Nxd5 27.Nxd3 c3 28.axb4 
axb4 29.e4 Nf4 30.e5 Nxd3 31.Qxd3 Bf8 32.Rc2 Ra2 33.Rec1 Qd7 34.Bxc3 Rxc2 
35.Rxc2 bxc3 36.Rxc3 Rd8 37.Rc4 Qd5 38.Qc3 g6 39.Kf1 Bh6 40.Rc8 Rxc8 41.
Qxc8+ Bf8 42.Qg4 h5 43.Qf4 Qc4+ 44.Kg1 Bb4 45.Qe4 Bc3 46.Qa8+ Kg7 47.g4 
hxg4 48.Qd8 Qe6 49.Qd6 Qxd6 50.exd6 Bxd4 51.hxg4 Kf6 52.d7 Ke7 53.g5 Kxd7 
54.Kg2 Ke6 55.f4 Kf5 0-1

[Event "Euskadi tch 1D"]
[Site ""]
[Date "2012.02.11"]
[Round "5.1"]
[White "Martiarena Lizarribar, Eneko"]
[Black "Aguinaga Ruiz, Jesus Luis"]
[Result "1-0"]
[WhiteElo "1996"]
[BlackElo "1956"]

1.d4 d6 2.Nf3 Bg4 3.e4 Nf6 4.Nc3 c6 5.Be2 e6 6.Be3 Be7 7.Qd2 d5 8.h3 Bh5 
9.e5 Nfd7 10.O-O-O b5 11.Bd3 Nb6 12.Ne2 N8d7 13.Nf4 Bg6 14.Nxg6 hxg6 15.
Bg5 Nc4 16.Qf4 Rf8 17.Qg4 Qa5 18.Bxe7 Kxe7 19.Bxc4 bxc4 20.Qg5+ Ke8 21.Kb1
Rb8 22.Qe3 Nb6 23.Ka1 Na4 24.Rb1 Kd7 25.Qa3 Qb4 26.Qxb4 Rxb4 27.c3 Rb5 28.
Rhc1 Rfb8 29.Rc2 R8b6 30.Nd2 Ra6 31.b3 Nb6 32.bxc4 Nxc4 33.Nxc4 Rxb1+ 34.
Kxb1 dxc4 35.Rb2 Kc7 36.Rb4 f6 37.f4 g5 38.exf6 gxf6 39.fxg5 fxg5 40.Rxc4 
Ra5 41.Rc5 Rxc5 42.dxc5 Kb7 43.g3 1-0

[Event "Euskadi tch 1D"]
[Site ""]
[Date "2012.02.11"]
[Round "5.1"]
[White "Monje Peinado, Roberto"]
[Black "Saenz Martinez, Juan Jose"]
[Result "1/2-1/2"]
[WhiteElo "2065"]
[BlackElo "2288"]

1.c4 Nf6 2.Nc3 e6 3.g3 d5 4.d4 Be7 5.Bg2 O-O 6.Nf3 b6 7.cxd5 exd5 8.O-O 
Bb7 9.Qc2 Na6 10.Rd1 Re8 11.a3 c5 12.dxc5 bxc5 13.Ng5 Nc7 14.Bf4 h6 15.
Bxc7 Qxc7 16.Nh3 d4 17.Ne4 Nxe4 18.Bxe4 Bxe4 19.Qxe4 Bf6 20.Qf3 Rab8 21.
Rab1 c4 22.Nf4 Rb3 23.Qg4 Qe5 24.Rbc1 c3 25.bxc3 dxc3 26.Rd3 Rxa3 27.Nd5 
Qg5 28.Qxg5 hxg5 29.Nxf6+ gxf6 30.Rcxc3 Rxc3 31.Rxc3 Rxe2 32.Ra3 Re7 33.
Ra6 Kg7 34.g4 Rb7 35.h3 Rc7 36.Kg2 Rb7 37.Kg3 Rc7 38.Kg2 Rb7 39.Kg3 
1/2-1/2

[Event "Euskadi tch 1D"]
[Site ""]
[Date "2012.02.11"]
[Round "5.2"]
[White "Ros Eskisabel, Jose Ramon"]
[Black "Hernandorena de la Cruz, Egoi"]
[Result "1-0"]
[WhiteElo "2100"]
[BlackElo "2033"]

1.e4 e5 2.Nf3 Nc6 3.Bb5 a6 4.Ba4 Nf6 5.O-O Bc5 6.Re1 b5 7.Bb3 Ng4 8.Rf1 
Nf6 9.d3 d6 10.c3 Bg4 11.Nbd2 h6 12.h3 Bh5 13.Re1 g5 14.Nf1 Qd7 15.Ng3 Bg6
16.a4 Rd8 17.d4 Bb6 18.Bc2 g4 19.hxg4 Qxg4 20.axb5 axb5 21.Qd3 Na7 22.Be3 
Qd7 23.dxe5 Ng4 24.Bxb6 cxb6 25.exd6 Nc8 26.Rad1 Nxd6 27.Qd4 O-O 28.Qxb6 
Nc4 29.Rxd7 Nxb6 30.Rxd8 Rxd8 31.Nd4 b4 32.f3 bxc3 33.bxc3 Ne5 34.Bb3 Rc8 
35.Nge2 Kf8 36.Ra1 Ra8 37.Rxa8+ Nxa8 38.Nf4 Nb6 39.Kf2 Ke7 40.g4 Kd6 41.
Kg3 Nbc4 42.Nxg6 fxg6 43.f4 Nd2 44.fxe5+ Kxe5 45.Nf3+ Kxe4 46.Nxd2+ Kd3 
47.c4 1-0

[Event "Euskadi tch 1D"]
[Site ""]
[Date "2012.02.11"]
[Round "5.3"]
[White "Sevilla Subiza, Javier"]
[Black "Alvarado Fernandez, Mikel"]
[Result "1-0"]
[WhiteElo "1925"]
[BlackElo "2006"]

1.d4 d5 2.c4 c6 3.Nf3 Nf6 4.Nc3 a6 5.e3 b5 6.c5 Bg4 7.h3 Bxf3 8.Qxf3 Nbd7 
9.e4 b4 10.exd5 bxc3 11.dxc6 Nxc5 12.dxc5 e6 13.c7 Qd5 14.Bxa6 Qe5+ 15.Be3
Nd5 16.c8=Q+ Rxc8 17.Bxc8 cxb2 18.Rb1 Bxc5 19.O-O Nxe3 20.fxe3 O-O 21.Bb7 
f5 22.Kh1 h5 23.Qf4 Qc3 24.Qf2 Ba3 25.Rfd1 Rb8 26.Bf3 Rc8 27.e4 Qe5 28.Qd4
Qg3 29.Rxb2 fxe4 30.Rb3 Bc5 31.Qxe4 Rf8 32.Qxe6+ Kh8 33.Qd5 Qf2 34.Qxh5+ 
1-0

[Event "Euskadi tch 1D"]
[Site ""]
[Date "2012.02.11"]
[Round "5.4"]
[White "Galarza Cenzano, Inigo"]
[Black "Blanco Sisniega, Jonas"]
[Result "1-0"]
[WhiteElo "2002"]
[BlackElo "1792"]

1.e4 c5 2.Nc3 Nc6 3.f4 g6 4.Nf3 Bg7 5.Bb5 Nd4 6.O-O a6 7.Bc4 e6 8.d3 Ne7 
9.Nxd4 cxd4 10.Ne2 d5 11.Bb3 O-O 12.Ng3 b5 13.e5 Nf5 14.Nxf5 exf5 15.a4 
Be6 16.Bd2 Qd7 17.Bb4 Rfc8 18.Qd2 Qc6 19.Ra2 Bf8 20.Bxf8 Rxf8 21.Qb4 Qb6 
22.Rfa1 a5 23.Qxb5 Qxb5 24.axb5 Rfb8 25.Rxa5 Rxa5 26.Rxa5 Rb6 27.Kf2 Kf8 
28.Ra4 Rxb5 29.Rxd4 Ke7 30.Ra4 Kd8 31.Ke3 Kc7 32.Kd4 Kb6 33.g3 Kc7 34.Ra6 
Kd7 35.Ba4 1-0

[Event "Euskadi tch 1D"]
[Site ""]
[Date "2012.02.11"]
[Round "5.3"]
[White "Rodriguez Melendez, Juan Humber"]
[Black "Reinaldo Castiñeira, Roi"]
[Result "0-1"]
[WhiteElo "2096"]
[BlackElo "2470"]

1.e4 Nf6 2.e5 Nd5 3.d4 d6 4.c4 Nb6 5.exd6 cxd6 6.Nc3 g6 7.Be3 Bg7 8.b3 O-O
9.Rc1 Nc6 10.Be2 Re8 11.Nf3 Bg4 12.O-O d5 13.c5 Nc8 14.h3 Bxf3 15.Bxf3 e6 
16.Re1 a6 17.Re2 N8e7 18.g4 f5 19.Rd2 Rf8 20.Ne2 fxg4 21.Bxg4 Nf5 22.Bxf5 
Rxf5 23.Ng3 Rf7 24.f4 Qf6 25.Qe2 Raf8 26.Kg2 h5 27.Qf3 Bh6 28.Ne2 g5 29.
Kh2 gxf4 30.Bf2 Qf5 31.Re1 Rg7 32.Nc1 Kh7 33.Ne2 Rg3 34.Bxg3 fxg3+ 35.Qxg3
Bxd2 36.Rg1 Qf2+ 37.Rg2 Qxg3+ 0-1

[Event "Euskadi tch 1D"]
[Site ""]
[Date "2012.02.11"]
[Round "5.3"]
[White "Zamarbide Iñarrea, Borja"]
[Black "Arce Balluerca, Jorge"]
[Result "1-0"]
[WhiteElo "2192"]
[BlackElo "2018"]

1.f4 Nf6 2.b3 b6 3.Bb2 Bb7 4.Nf3 e6 5.e3 Be7 6.g3 O-O 7.Bg2 c5 8.d3 Nd5 9.
Qe2 Bf6 10.c3 Nc6 11.O-O d6 12.e4 Nc7 13.Nbd2 e5 14.Rf2 exf4 15.gxf4 Re8 
16.Nf1 d5 17.e5 d4 18.c4 Bh4 19.Nxh4 Qxh4 20.Ng3 Ne6 21.Nf5 Qd8 22.Qg4 Na5
23.Nxg7 Nxg7 24.Bxb7 h5 25.Qg3 h4 26.Qg4 f5 27.exf6 Qxf6 28.Bxa8 Rxa8 29.
Re1 Nc6 30.f5 Ne5 31.Qe4 Re8 32.Qd5+ Kh8 33.Rfe2 Qg5+ 34.Kh1 Qxf5 35.Rxe5 
Rxe5 36.Qxe5 Qf3+ 37.Kg1 1-0

[Event "Euskadi tch 1D"]
[Site ""]
[Date "2012.02.11"]
[Round "5.4"]
[White "Lozoya Rodriguez, Alberto"]
[Black "Miguel Quintero, Francisco"]
[Result "1/2-1/2"]
[WhiteElo "2214"]
[BlackElo "2257"]

1.c4 g6 2.g3 Bg7 3.Bg2 Nf6 4.Nc3 d6 5.a3 O-O 6.d3 e5 7.e4 Nc6 8.Nge2 Be6 
9.O-O Qd7 10.Nd5 Ne8 11.Qc2 Nd8 12.Qd2 c6 13.Ndc3 f5 1/2-1/2

[Event "Euskadi tch 1D"]
[Site ""]
[Date "2012.02.11"]
[Round "5.4"]
[White "Miguel Quintero, Antonio"]
[Black "Martin Allende, Jorge"]
[Result "1/2-1/2"]
[WhiteElo "2165"]
[BlackElo "2117"]

1.e4 c5 2.c3 d5 3.exd5 Qxd5 4.d4 Nf6 5.Nf3 Bg4 6.Be2 e6 7.Be3 cxd4 8.cxd4 
Be7 9.Nc3 Qa5 10.Qb3 Nbd7 11.h3 Bh5 12.O-O O-O 13.Rfe1 Nb6 14.Bd2 Nfd5 15.
a3 Rac8 16.g4 Bg6 17.Bb5 Nxc3 18.Bxc3 Bc2 19.Bxa5 Bxb3 1/2-1/2

[Event "Euskadi tch 1D"]
[Site ""]
[Date "2012.02.11"]
[Round "5.4"]
[White "Perez Palma, Jesus Maria"]
[Black "Tornay Gomez, Josu"]
[Result "1/2-1/2"]
[WhiteElo "1957"]
[BlackElo "2115"]

1.c4 e5 2.Nc3 Nc6 3.Nf3 f5 4.e4 Nf6 5.d3 Bc5 6.Be2 d6 7.O-O O-O 8.Bg5 h6 
9.Bxf6 Qxf6 10.Nd5 Qf7 11.a3 Nd4 12.b4 Nxf3+ 13.Bxf3 Bd4 14.Rb1 c6 15.Ne3 
f4 16.Nc2 Bb6 17.a4 Qf6 18.a5 Bc7 19.d4 b6 20.axb6 axb6 21.Ra1 Ba6 22.Qd3 
b5 23.c5 Bb7 24.d5 Kh8 25.Rfd1 1/2-1/2

[Event "Euskadi tch 1D"]
[Site ""]
[Date "2012.02.11"]
[Round "5.4"]
[White "Hernando Casas, Jose Manuel"]
[Black "Urbieta Gabancho, Koldo"]
[Result "1/2-1/2"]
[WhiteElo "2017"]
[BlackElo "1949"]

1.e4 d5 2.exd5 Qxd5 3.Nc3 Qd8 4.d4 c6 5.Nf3 Bf5 6.Bc4 e6 7.O-O Be7 8.h3 
Nd7 9.Bf4 Ngf6 10.Nh4 Bg6 11.Nxg6 hxg6 12.Bb3 Qa5 13.Ne2 g5 14.Bd2 Qf5 15.
Ng3 Qg6 16.c3 Nd5 17.c4 Nf4 18.Bc2 f5 19.d5 cxd5 20.Re1 Rh4 21.cxd5 Nxd5 
1/2-1/2

[Event "Euskadi tch 1D"]
[Site ""]
[Date "2012.02.18"]
[Round "6.5"]
[White "Vila Dupla, Aurelio"]
[Black "Hernandorena De La Cruz, Egoi"]
[Result "0-1"]
[WhiteElo "2191"]
[BlackElo "2033"]

1.Nf3 d5 2.g3 Nf6 3.Bg2 Nbd7 4.d4 e6 5.O-O Be7 6.c4 O-O 7.Qc2 c6 8.Nbd2 
Re8 9.b3 Nf8 10.Bb2 Ng6 11.Rfd1 b5 12.e4 Bb7 13.e5 Nd7 14.c5 f6 15.b4 a5 
16.a3 Qc7 17.Bh3 f5 18.Nb3 a4 19.Na5 Nh8 20.Bf1 g5 21.h3 Kg7 22.Bd3 Nf8 
23.Kg2 Nfg6 24.Bc1 Nf7 25.Bd2 Rh8 26.Qc1 h6 27.Rh1 Rag8 28.Qc2 Kf8 29.Kf1 
h5 30.Qc1 g4 31.Ng1 Ke8 32.Ne2 Kd8 33.Qc2 Bc8 34.Kg2 Bd7 35.hxg4 hxg4 36.
Rxh8 Rxh8 37.Rh1 Rxh1 38.Kxh1 Kc8 39.Kg2 Qd8 40.Qc1 Qh8 41.Bxb5 cxb5 42.c6
Be8 43.Nc3 Qh3+ 44.Kg1 f4 45.Qf1 fxg3 46.Qxh3 gxf2+ 47.Kxf2 gxh3 48.Nxb5 
h2 49.Kg2 Nh4+ 50.Kh1 Nf3 51.Bf4 Bd8 52.Nd6+ Nxd6 53.exd6 Bxa5 54.d7+ Bxd7
55.cxd7+ Kxd7 56.bxa5 Kc6 57.Bxh2 Nxh2 58.Kxh2 Kb5 59.Kg3 Kxa5 0-1

[Event "Euskadi tch 1D"]
[Site ""]
[Date "2012.02.18"]
[Round "6.5"]
[White "Sevilla Subiza, Javier"]
[Black "Agudo Tena, Angel"]
[Result "1/2-1/2"]
[WhiteElo "1925"]
[BlackElo "1896"]

1.d4 d5 2.c4 c6 3.Nf3 Nf6 4.Nc3 dxc4 5.a4 Bf5 6.Ne5 Nbd7 7.Nxc4 e6 8.Bf4 
Nb6 9.Ne3 Nbd5 10.Nexd5 Nxd5 11.Bd2 Be7 12.f3 Qc7 13.e4 Nxc3 14.Bxc3 Bg6 
15.g3 e5 16.Bg2 Rd8 17.f4 exd4 18.Qf3 f5 1/2-1/2

[Event "Euskadi tch 1D"]
[Site ""]
[Date "2012.02.18"]
[Round "6.5"]
[White "Sempere Gomis, Andres Valentin"]
[Black "Iturralde Borda, Ion"]
[Result "0-1"]
[WhiteElo "1840"]
[BlackElo "1849"]

1.c4 Nf6 2.g3 e5 3.Bg2 Nc6 4.Nc3 Bc5 5.Nf3 d6 6.Na4 Bb6 7.O-O Be6 8.b3 O-O
9.Bb2 Qd7 10.Nxb6 axb6 11.Re1 Bh3 12.Bh1 Nb4 13.a3 Nc6 14.d3 Bf5 15.Qc1 
Bg6 16.d4 Na5 17.Qc3 c5 18.b4 Nc6 19.b5 Nd8 20.a4 Bh5 21.Nh4 Ne6 22.Qd2 
Nxd4 23.Bxd4 cxd4 24.a5 Qc7 25.axb6 Qxb6 26.Nf5 Rxa1 27.Rxa1 Re8 28.Qb4 
Qc5 29.Qxc5 dxc5 30.Nd6 Rb8 31.Nxb7 Nd7 32.Nd6 Bxe2 33.Ra3 g6 34.f3 Kf8 
35.Kf2 Bd3 36.Rxd3 Ke7 37.Nxf7 Kxf7 38.Rd2 Nb6 39.Rc2 Ra8 40.Bg2 Ra3 41.
Bf1 Ke6 42.Rd2 Rc3 43.Ra2 Nxc4 44.Bxc4+ Rxc4 45.Ra6+ Kd7 46.Ra7+ Kc8 47.f4
d3 48.Ke3 Rd4 49.Kd2 c4 50.fxe5 Re4 51.Kc3 Rxe5 52.Ra1 Re4 53.Rb1 Kb7 54.
b6 Re2 55.Kxc4 d2 56.Rd1 Kxb6 57.Kd3 Rxh2 58.Rxd2 Rxd2+ 59.Kxd2 Kc5 60.Ke3
Kd5 61.Kf4 h6 62.g4 Kd4 63.Kf3 g5 64.Kf2 Ke4 65.Kg3 Ke3 66.Kg2 Kf4 67.Kh3 
Kf3 0-1

[Event "Euskadi tch 1D"]
[Site ""]
[Date "2012.02.18"]
[Round "6.5"]
[White "Blanco Sisniega, Jonas"]
[Black "Diaz Redondo, Isidro"]
[Result "1-0"]
[WhiteElo "1792"]
[BlackElo "1663"]

1.e4 c5 2.Nc3 Nc6 3.g3 g6 4.Bg2 Bg7 5.d3 d6 6.f4 h5 7.Nf3 Bg4 8.Ne2 Bxf3 
9.Bxf3 Nd4 10.Nxd4 cxd4 11.O-O Qb6 12.Qe2 O-O-O 13.a4 a5 14.Bd2 Qa7 15.b4 
b6 16.bxa5 bxa5 17.Rfb1 e6 18.Rb5 Kd7 19.Rab1 Kc8 20.Rxa5 Qc7 21.Ra8+ Kd7 
22.Ba5 Rxa8 23.Bxc7 Kxc7 24.e5 d5 25.c3 dxc3 26.Qc2 Ne7 27.Qxc3+ Nc6 28.d4
Rxa4 29.Be2 Bf8 30.Bb5 Rc4 31.Bxc4 dxc4 32.Qxc4 Be7 33.Rc1 Rc8 1-0

[Event "Euskadi tch 1D"]
[Site ""]
[Date "2012.02.18"]
[Round "6.1"]
[White "Aguirre Canflanca, Josu"]
[Black "Diez Fraile, David"]
[Result "1/2-1/2"]
[WhiteElo "2189"]
[BlackElo "2185"]

1.Nf3 Nf6 2.c4 g6 3.Nc3 Bg7 4.e4 d6 5.d4 O-O 6.Be2 e5 7.O-O Nc6 8.d5 Ne7 
9.Ne1 Nd7 10.Be3 f5 11.f3 f4 12.Bf2 g5 13.a4 a5 14.Nd3 Nf6 15.c5 Kh8 16.
cxd6 cxd6 17.Qb3 g4 18.Bb6 Qe8 19.fxg4 Bxg4 20.Bxg4 Nxg4 21.Rf3 Ng6 22.Nf2
Nxf2 23.Bxf2 Rf7 24.Nb5 Bf8 25.Rc1 Rc8 26.Rxc8 Qxc8 27.Qc3 Qd8 28.Be1 b6 
29.Bf2 Rg7 30.Rh3 Qg5 31.Qf3 Qd8 32.Qg4 Be7 33.Qf5 Bh4 34.Rc3 Bxf2+ 35.
Kxf2 Qh4+ 36.Kf1 Ne7 37.Qh3 Qf6 38.Nc7 Qg6 39.Ne6 Rg8 40.Qf3 Rc8 41.Rxc8+ 
Nxc8 42.Qc3 Ne7 43.Qc7 Qxe4 44.Qxe7 Qd3+ 45.Ke1 Qe3+ 46.Kd1 Qd3+ 47.Kc1 
Qe3+ 48.Kb1 Qd3+ 49.Kc1 Qe3+ 50.Kb1 Qd3+ 51.Ka2 Qc4+ 52.Kb1 Qd3+ 1/2-1/2

[Event "Euskadi tch 1D"]
[Site ""]
[Date "2012.02.18"]
[Round "6.1"]
[White "Arias Garcia, Luis Javier"]
[Black "Manso Marquez, Felix"]
[Result "1-0"]
[WhiteElo "2168"]
[BlackElo "2061"]

1.Nf3 Nf6 2.c4 c5 3.g3 b6 4.Bg2 Bb7 5.O-O g6 6.Nc3 Bg7 7.d4 cxd4 8.Qxd4 d6
9.Rd1 O-O 10.Qh4 Nbd7 11.Bh6 Rc8 12.b3 a6 13.Rac1 Rc7 14.Bxg7 Kxg7 15.Qd4 
Qa8 16.g4 Kg8 17.g5 Ne4 18.Nd5 Bxd5 19.cxd5 Rxc1 20.Rxc1 Nec5 21.h4 Qb8 
22.h5 e5 23.dxe6 Nxe6 24.Qd2 gxh5 25.Nh4 Rc8 26.Rd1 Rc5 27.f4 Qc7 28.f5 
Nef8 29.Qxd6 Qxd6 30.Rxd6 Rc2 31.f6 Rc5 32.Bd5 h6 33.g6 Nxf6 34.Bxf7+ Kg7 
35.Rxb6 a5 36.Rb7 Ng4 37.Be6+ 1-0

[Event "Euskadi tch 1D"]
[Site ""]
[Date "2012.02.18"]
[Round "6.1"]
[White "Mendikute Fierro, Claudio"]
[Black "Padilla Cabero, Pablo"]
[Result "1/2-1/2"]
[WhiteElo "2031"]
[BlackElo "2167"]

1.e4 d6 2.d4 f5 3.Nc3 Nf6 4.Bd3 fxe4 5.Nxe4 Nc6 6.Nxf6+ exf6 7.Ne2 Be6 8.
c3 Qd7 9.O-O O-O-O 10.Qa4 Kb8 11.Bb5 g5 12.Bxc6 Qxc6 13.Qxc6 bxc6 14.Re1 
h5 15.Bd2 h4 16.Nf4 Bf5 17.Ne6 Re8 18.Nxf8 Rhxf8 19.f3 Kb7 20.Kf2 1/2-1/2

[Event "Euskadi tch 1D"]
[Site ""]
[Date "2012.02.18"]
[Round "6.1"]
[White "Albo Ruiz, Jose Martin"]
[Black "Martiarena Lizarribar, Eneko"]
[Result "0-1"]
[WhiteElo "1890"]
[BlackElo "1996"]

1.Nf3 d5 2.c4 c6 3.g3 Nf6 4.Bg2 Bf5 5.O-O e6 6.cxd5 cxd5 7.d3 Nc6 8.Nh4 
Bg4 9.Nc3 Be7 10.h3 Bh5 11.b3 O-O 12.g4 d4 13.Nb1 Nd5 14.Nf3 Bg6 15.a3 Rc8
16.Bd2 e5 17.b4 a6 18.Qb3 Nc7 19.Rc1 Kh8 20.a4 e4 21.Ne1 e3 22.fxe3 dxe3 
23.Bxe3 Bg5 24.Bxg5 Qxg5 25.Nc3 Qe3+ 26.Kh1 Nd4 27.Qd1 Nce6 28.Nc2 Nxc2 
29.Rxc2 Nd4 30.Nd5 Qg5 31.Rxc8 Rxc8 32.e3 Nc6 33.b5 Ne5 34.Nf4 Rd8 35.Ra3 
Nc4 36.Rb3 Nxe3 37.Qf3 Nxg2 38.Kxg2 Qc5 39.d4 Qxd4 40.Nxg6+ hxg6 41.bxa6 
bxa6 42.Qxf7 Qxa4 43.Rf3 Qe4 44.Qc7 Rd2+ 45.Kg3 Qe1+ 46.Kf4 Rd4+ 47.Kg5 
Kh7 48.Qc3 Qe7+ 0-1

[Event "Euskadi tch 1D"]
[Site ""]
[Date "2012.02.18"]
[Round "6.3"]
[White "Ninov, Nikolai"]
[Black "Martin Allende, Jorge"]
[Result "1-0"]
[WhiteElo "2515"]
[BlackElo "2117"]

1.e4 c5 2.Nf3 d6 3.d4 cxd4 4.Nxd4 Nf6 5.Nc3 a6 6.g3 e5 7.Nb3 Be6 8.Bg2 Be7
9.O-O Nbd7 10.a4 O-O 11.Re1 b6 12.Nd2 Rc8 13.Qe2 Nc5 14.Nf1 h6 15.Ne3 Rc7 
16.Rd1 Qc8 17.Bd2 Rd8 18.f4 exf4 19.gxf4 Bg4 20.Nxg4 Qxg4 21.Qxg4 Nxg4 22.
Nd5 Rb7 23.b4 Ne6 24.e5 dxe5 25.h3 Rbd7 26.Bc3 Nf6 27.Nxe7+ Rxe7 28.Rxd8+ 
Nxd8 29.Bxe5 Nd7 30.Rd1 Ne6 31.Bd6 Re8 1-0